=LDR 00000nam 2200000 4500 =001 NUTBA000000000001118 =005 20200227070158 =035 ##$$a 0010-041400000000388 =008 200227################g##########0#ind## =020 ##$$a 978-979-22-6250-6 =082 ##$$a 153.8 =100 ##$$a Sebastian, Yoris =245 1#$$a Keep your lights on! : $b Black innovation awards /$c Yoris Sebastian; Editor: Mirna Yulistianti =260 ##$$a Jakarta :$b Gramedia pustaka utama,$c 2010 =300 ##$$a 163 hlm : $b ilus ; $c 20 x 14 cm =084 ##$$a 153.8 SEB k =250 ##$$a Cet.1 =650 #4$$a Motivasi =990 ##$$a 21110752 =990 ##$$a 21110751